Land law in Malaysia : Cases and commentary

Bibliographic Details
Main Author: TEO 1954-
Other Authors: Khaw
Format: Book
Published: Kuala Lumpur : Butterworths Asia , 1997 (1995)
Edition:2nd ed.
Subjects:

MARC

LEADER 00000cam a2200000 7i4500
001 0000000393
005 20000809.0
020 0 0 |a 0409997293 
090 0 0 |a 346.5950430264   |b TEO 1995 
100 1 0 |a TEO   |h Keang Sood   |c 1954- 
245 1 0 |a Land law in Malaysia :   |b Cases and commentary   |c Teo Keang Sood, Khaw Lake Tee 
250 0 0 |a 2nd ed. 
260 0 0 |a Kuala Lumpur :   |b Butterworths Asia ,   |c 1997 (1995) 
300 |a lxx, 904 p. ;   |c 26 cm. 
500 0 0 |a Includes index 
650 0 0 |a Land tenure   |x Law and legislation   |z Malaysia 
650 0 0 |a Land use   |x Law and legislation   |z Malaysia 
700 0 1 |a Khaw   |h Lake Tee 
999 |a 0000001526   |b Monograph   |c Open Shelf   |e Default branch